A synthesis of teaching methods / (Registro nro. 11881)
[ vista simple ]
| 000 -CABECERA | |
|---|---|
| campo de control de longitud fija | 00687nam a22002291 4500 |
| 001 - NÚMERO DE CONTROL | |
| campo de control | 000012217 |
| 003 - IDENTIFICADOR DEL NÚMERO DE CONTROL | |
| campo de control | OSt |
| 005 - FECHA Y HORA DE LA ÚLTIMA TRANSACCIÓN | |
| campo de control | 20241010113235.0 |
| 008 - DATOS DE LONGITUD FIJA--INFORMACIÓN GENERAL | |
| campo de control de longitud fija | 710321s1968 onca b 000 0 eng |
| 040 ## - FUENTE DE LA CATALOGACIÓN | |
| Centro catalogador/agencia de origen | DO-SdBNP |
| Lengua de catalogación | spa |
| Centro/agencia transcriptor | BNPHU |
| 082 ## - NÚMERO DE LA CLASIFICACIÓN DECIMAL DEWEY | |
| Número de clasificación | 371.3028 |
| Número de documento/Ítem | S993, 1968 |
| 245 12 - MENCIÓN DE TÍTULO | |
| Título | A synthesis of teaching methods / |
| Mención de responsabilidad, etc. | [by] C. Morton Shipley [et al.]. |
| 250 ## - MENCIÓN DE EDICIÓN | |
| Mención de edición | 2d ed. |
| 260 ## - PUBLICACIÓN, DISTRIBUCIÓN, ETC. | |
| Lugar de publicación, distribución, etc. | Toronto, |
| -- | New York [etc.] : |
| Nombre del editor, distribuidor, etc. | McGraw-Hill, |
| Fecha de publicación, distribución, etc. | [c1968]. |
| 300 ## - DESCRIPCIÓN FÍSICA | |
| Extensión | ix, 344 p. : |
| Otras características físicas | illus. ; |
| Dimensiones | 24 cm. |
| 504 ## - NOTA DE BIBLIOGRAFÍA, ETC. | |
| Nota de bibliografía, etc. | Includes bibliographies. |
| 590 ## - NOTA LOCAL (RLIN) | |
| Nota local | Inventariado, 2020 / DG |
| 650 #4 - PUNTO DE ACCESO ADICIONAL DE MATERIA--TÉRMINO DE MATERIA | |
| Término de materia o nombre geográfico como elemento de entrada | Metódos de enseñanza |
| 9 (RLIN) | 2196 |
| 650 #0 - PUNTO DE ACCESO ADICIONAL DE MATERIA--TÉRMINO DE MATERIA | |
| Término de materia o nombre geográfico como elemento de entrada | Pedagogía |
| 9 (RLIN) | 693 |
| 910 ## - DATOS DE OPCIÓN DEL USUARIO (OCLC) | |
| Datos de opción del usuario | En catalogaciòn |
| 942 ## - ELEMENTOS DE PUNTO DE ACCESO ADICIONAL (KOHA) | |
| Fuente del sistema de clasificación o colocación | Dewey Decimal Classification |
| Tipo de ítem Koha | Libros y folletos |
| Estado de retiro | Estado de pérdida | Fuente del sistema de clasificación o colocación | Restricciones de uso | No para préstamo | Código de colección | Localización permanente | Ubicación/localización actual | Ubicación en estantería | Fecha de adquisición | Fuente de adquisición | Número de inventario | Total de préstamos | Signatura topográfica completa | Código de barras | Fecha visto por última vez | Precio válido a partir de | Tipo de ítem Koha | Número de copia |
|---|---|---|---|---|---|---|---|---|---|---|---|---|---|---|---|---|---|---|
| Dewey Decimal Classification | Excluido de préstamo | Monografías: Libros y Folletos | General | General | En catalogación | 06.11.2009 | Donaciòn | LF1 | 371.3028 S993, 1968 | 12217-10 | 25.06.2020 | 25.06.2020 | No se presta | |||||
| Extraviado | Dewey Decimal Classification | Excluido de préstamo | Monografías: Libros y Folletos | General | General | Extraviado | 06.04.2017 | LF1 | 371.3028 S993, 1968 | 12217-20 | 25.06.2020 | 25.06.2020 | No se presta | e. 2 |
